• 首页
  • 本馆介绍
  • 公告通知
  • 最新文献
  • 馆藏检索
  • 电子资源
  • 读者导购
  • 参考咨询
  • 我的图书馆
  • 登录
  • 详细信息显示
  • 放入我的书架
  • 预约/预借图书
  • 作者相关作品
  • 分类相关作品
  • 丛书相关作品
  • 出版社相关作品

书目信息

  • 表格格式
  • 工作单格式
  • 卡片格式
题名:
鱼什么都知道
    
 
作者: 巴尔科姆 著 ;肖梦 , 赵静文 译
分册:  
出版信息: 北京   北京联合出版公司  2018
页数: 231页, [8] 页图版
开本: 24cm
丛书名: 未读
单 册:
中图分类: Q959.4-49
科图分类:
主题词: 鱼类--yu lei--普及读物
电子资源:
ISBN: 978-7-5596-2292-1
000 01650nam 2200325 450
001 CAL 012018106694
005 20180907090112.4
010    @a978-7-5596-2292-1@b@dCNY59.80
100    @a20180808d2018 em y0chiy50 ea
101 1  @achi@ceng
102    @aCN@b110000
105    @aaf z 001yy
106    @ar
200 1  @a鱼什么都知道@Ayu shen me dou zhi dao@f(美) 乔纳森·巴尔科姆著@d= What a fish knows: the inner lives of our underwater cousins@fJonathan Balcombe@g肖梦, 赵静文译@zeng
210    @a北京@c北京联合出版公司@d2018
215    @a231页, [8] 页图版@c图 (部分彩图)@d24cm
225 2  @a未读@Awei du@i探索家
314    @a乔纳森·巴尔科姆, 美国知名动物行为学家, 美国人道协会科学和政策研究所动物知觉方面的负责人, 曾担任BBC、国家地理频道及多部纪录片的解说员, 为《纽约时报》《华盛顿邮报》《华尔街日报》《自然》等报刊杂志供稿, 著有《狂喜的方舟》《第二天性》《快乐王国》等。
320    @a有索引
330    @a传说只有7秒记忆的鱼, 其实是高智商动物。这种种类比陆地及天空中所有脊椎动物种类总数还要多的神秘物种, 在3亿年的漫长历史中完成了高度演化, 千百年来一直不为人知。它们有意识, 有情感, 能够交流, 会使用工具, 懂得合作, 甚至懂得讨好与欺骗。在这本书中, 作者借助动物行为学及生物学领域的发现, 为我们揭开了水底深处的秘密。
410  0 @12001 @a未读@i探索家
500 10 @aWhat a fish knows : the inner lives of our underwater cousins@mChinese
606 0  @a鱼类@Ayu lei@j普及读物
690    @aQ959.4-49@v5
701  1 @a巴尔科姆@Aba er ke mu@g(Balcombe, Jonathan P.)@4著
702  0 @a肖梦@Axiao meng@4译
702  0 @a赵静文@Azhao jing wen@4译
801  0 @aCN@bMUSE@c20181206@g
905    @aBZT@dQ959.4-49@e1
906    @dCNY59.80@n3@r1
    
    鱼什么都知道/(美) 乔纳森·巴尔科姆著= What a fish knows: the inner lives of our underwater cousins/Jonathan Balcombe/肖梦, 赵静文译.-北京:北京联合出版公司,2018
    231页, [8] 页图版:图 (部分彩图);24cm.-(未读.探索家)
    
    
    ISBN 978-7-5596-2292-1:CNY59.80
    传说只有7秒记忆的鱼, 其实是高智商动物。这种种类比陆地及天空中所有脊椎动物种类总数还要多的神秘物种, 在3亿年的漫长历史中完成了高度演化, 千百年来一直不为人知。它们有意识, 有情感, 能够交流, 会使用工具, 懂得合作, 甚至懂得讨好与欺骗。在这本书中, 作者借助动物行为学及生物学领域的发现, 为我们揭开了水底深处的秘密。
●
相关链接 在五车中查询图书 在当当中查询图书 在豆瓣中查询图书


正题名:鱼什么都知道     索取号:Q959.4-49/1         预约/预借

序号 登录号 条形码 馆藏地/架位号 状态 备注
1 859397   2000859397   第二书库/ [索取号:Q959.4-49/1] 在馆    
2 859398   2000859398   第二书库/ [索取号:Q959.4-49/1] 在馆    
3 859399   2000859399   第二书库/ [索取号:Q959.4-49/1] 在馆    
山东省滨州职业学院图书馆 欢迎您!
大连网信软件有限公司© 版权所有